| 000 | 00855nam a22002417a 4500 | ||
|---|---|---|---|
| 999 |
_c6097 _d6097 |
||
| 003 | AR-CdUCM | ||
| 008 | 190313b ||||| |||| 00| 0 spa d | ||
| 040 |
_aMUNICIPALIDAD PROVINCIAL DEL CUSCO _cBIBLIOTECA MUNICIPAL DEL CUSCO |
||
| 082 |
_a869.62 / _bR74 |
||
| 100 |
_aRojas, Ángel F _915853 |
||
| 245 | _aEl éxodo de Yangana / | ||
| 260 |
_aQuito : _bAriel, |
||
| 300 |
_a201 paginas ; _c17 cm. |
||
| 440 |
_aClásicos ¨Ariel¨ biblioteca de autores ecuatorianos _917722 |
||
| 500 | _aDonación familia Nieto | ||
| 505 | _aContenido :Preludio:En Pacanda se oye un rumor extraño --Primera parte:La huida de un reprobo colectivo --Interludio:La canción beoda de las semillas ... | ||
| 650 |
_aLiteratura ecuatoriana _911889 |
||
| 650 |
_aNovela _95 |
||
| 650 |
_aMito _93021 |
||
| 650 |
_aSiglo XX _98 |
||
| 942 |
_2ddc _cLIBROS |
||
| 945 | _arjall | ||